| 000 | 00712cam a22001937a 4500 | ||
|---|---|---|---|
| 020 | _a1564240347 (v.2) | ||
| 082 | 0 | 0 |
_a624.1821 _bMAN _cL-39, P-171 |
| 110 | 2 |
_aAmerican Institute of Steel Construction. _920072 |
|
| 245 | 1 | 0 | _aManual of steel construction.connections ASD/LRFD |
| 250 | _aASD 9th ed., LRFD 1st ed. | ||
| 260 |
_aChicago, Ill. : _bAmerican Institute of Steel Construction, Inc., _cc1992. |
||
| 300 |
_a1 v. (various pagings) : _bill. ; _c24 cm. |
||
| 500 | _aIncludes bibliographical references and index. | ||
| 526 |
_a0 _b0 _c0 _d624_182100000000000_MAN |
||
| 650 | 0 | _aBuilding, Iron and steel. | |
| 650 | 0 |
_aMCE _9379 |
|
| 650 | 0 |
_aSteel, Structural _zUnited States. _947350 |
|
| 942 |
_2ddc _cBK |
||
| 999 |
_c550623 _d550623 |
||